000 00477nam a2200169Ia 4500
008 230917s9999||||xx |||||||||||||| ||und||
020 _cRS 1800.00
040 _e5010721
_aMAIN
041 _aEnglish
082 _a352.054 P886P
100 _aPrasad, Bindeshwar M
245 0 _aPanchayati Raj institutions and rural development
260 _aJaipur
_bABD Punlishers
_c2022
300 _avii, 280 p.
500 _a4826 19/12/2022 RK22/1719 14/10/2022 Main Budget
942 _cBK
999 _c7388
_d7388